| 000 | 01664nam0a2200349 i 4500 | ||
|---|---|---|---|
| 001 | RU\NLR\BIBL_A\011098637 | ||
| 005 | 20241101143841.0 | ||
| 010 |
_a9785949610930 _9500 |
||
| 021 |
_aRU _b2016-22193 _91403 |
||
| 035 | _a(NILC)RuMoRGB-008250954 | ||
| 035 | _a(NLR Aleph) 011098637 | ||
| 090 |
_a11407457 _c11407457 |
||
| 100 | _a20160408d2015 km y0rusy50 ca | ||
| 101 | 0 |
_arus _aeng |
|
| 102 | _aRU | ||
| 105 | _aach|z||||01zy | ||
| 200 | 1 |
_aПриамурское казачество _dPriamursky Cossacks _eкаталог коллекции Хабаровского краевого музея им. Н. И. Гродекова _fМ-во культуры Хабар. края, Хабар. краев. музей им. Н. И. Гродекова _g[текст: А. С. Белых] _zeng |
|
| 210 |
_aХабаровск _cХабаровский краевой музей _d2015 |
||
| 215 |
_a163 с. _cил., цв. ил., портр., факс. _d28 |
||
| 300 | _aЧасть текста парал. на рус. и англ. яз. | ||
| 320 | _aБиблиогр.: с. 151-161 (187 назв.) | ||
| 510 | 1 |
_aPriamursky Cossacks _zeng |
|
| 606 | 1 |
_aАмурское казачество _xТрадиционная культура _xМузейные коллекции _92289246 _3RU\NLR\AUTH\6601598707 |
|
| 675 | _a94(47) | ||
| 686 | 1 | _aТ3(2)0-294л61 | |
| 712 | 0 | 2 |
_4570 _aХабаровский краевой музей им. Н. И. Гродекова _9699454 _3RU\NLR\AUTH\880519322 |
| 801 | 0 |
_aRU _bРГБ _c20160321 _gRCR |
|
| 942 | _cBOOK | ||
| 980 | _aNBR | ||